Visualizzazione normale
Vista MARC
- Riva M., Munzi F., Taverna F., Colmegna V., Rossi V., Righetti A., Moretti A.,
di Personal Name
Records bibliografici associati: 1
001 - CONTROL NUMBER
- control field: 60943
003 - CONTROL NUMBER IDENTIFIER
- control field:
005 - DATE AND TIME OF LATEST TRANSACTION
- control field: 20240725124726.0
008 - FIXED-LENGTH DATA ELEMENTS
- fixed length control field: 240725|| aca||aabn | a|a d
040 ## - CATALOGING SOURCE
- Original cataloging agency:
- Transcribing agency:
100 ## - HEADING--PERSONAL NAME
- Personal name: Riva M., Munzi F., Taverna F., Colmegna V., Rossi V., Righetti A., Moretti A.,
- Personal name: Castronuovo D., Pasqualetti D., Polizzi M., Colombo A., Cavedoni F., Spena A.,
- Personal name: Di Mella E., Ciano G., Manna D., Garella N., Nanni E., Del Giudice G.,
- Personal name: Rotelli F., Dell'Acqua P
670 ## - SOURCE DATA FOUND
- Source citation: Work cat.: ()360208: Iacovone Luca (et al.) 60942, Basaglia, dove sei?, 2024